000 00618nam a2200205Ia 4500
005 20250923145104.0
008 008 250917s9999 xx 000 0 eng d
037 _aTextual
040 _aDSWL
_beng
_cDSWL
041 _aeng
_2eng
084 _aX;957(Z2), K7
_qDSWL
100 _aMalhotra, L.C.
_9831681
245 0 _aDismissal discharge termination of service & puniment
_cby L.C. Malhotra
260 _aAllahabad
_bUniversity Book Agency Elgin Rd.
_c1967
300 _axiv,452 p.
365 _aINR
_b16
925 _g16
942 _cTEXL
_hX;957(Z2), K7
999 _c1446953
_d1446953